Rendezvényszervezés bemutatása a HVG Állásbörze példáján keresztül

Bibliográfiai részletek
Szerző: Grein Maximilián
További közreműködők: Bodnár László
Dokumentumtípus: Diplomadolgozat
Kulcsszavak:Rendezvényszervezés
Állásbörze
Kiállításszervezés
Online Access:http://dolgozattar.uni-bge.hu/13841

MARC

LEADER 00000nta a2200000 i 4500
001 dolg13841
005 20180301095657.0
008 171211suuuu hu om 000 hun d
040 |a BGE Dolgozattár Repozitórium  |b hun 
041 |a hu 
100 1 |a Grein Maximilián 
245 1 0 |a Rendezvényszervezés bemutatása a HVG Állásbörze példáján keresztül  |c Grein Maximilián  |h [elektronikus dokumentum] 
695 |a Rendezvényszervezés 
695 |a Állásbörze 
695 |a Kiállításszervezés 
700 1 |a Bodnár László  |e ths 
856 4 0 |u http://dolgozattar.uni-bge.hu/13841/1/GreinMaximilian_szakdolgozat.pdf  |z Dokumentum-elérés 
856 4 0 |u http://dolgozattar.uni-bge.hu/13841/2/HivatalosBejegyzes.pdf  |z Dokumentum-elérés